Một số vấn đề về địa danh Việt Nam
Nội dung cuốn sách giúp ta hiểu kỹ hơn một địa phương về các mặt như: tự nhiên, lịch sử, kinh tế xã hội... ; địa danh học có thể giúp ta nghiên cứu về cổ địa lý và quá trình hình thành của danh tộc Việt Nam....
Bewaard in:
| Hoofdauteur: | |
|---|---|
| Formaat: | Boek |
| Taal: | Undetermined |
| Gepubliceerd in: |
Hà Nội
Đại học Quốc gia Hà Nội
2008
|
| Onderwerpen: | |
| Tags: |
Voeg label toe
Geen labels, Wees de eerste die dit record labelt!
|
| Thư viện lưu trữ: | Trung tâm Học liệu Trường Đại học Cần Thơ |
|---|
| LEADER | 01070nam a2200217Ia 4500 | ||
|---|---|---|---|
| 001 | CTU_159646 | ||
| 008 | 210402s9999 xx 000 0 und d | ||
| 020 | |c 14000 | ||
| 082 | |a 915.97 | ||
| 082 | |b Â125 | ||
| 100 | |a Nguyễn, Văn Âu | ||
| 245 | 0 | |a Một số vấn đề về địa danh Việt Nam | |
| 245 | 0 | |c Nguyễn Văn Âu | |
| 260 | |a Hà Nội | ||
| 260 | |b Đại học Quốc gia Hà Nội | ||
| 260 | |c 2008 | ||
| 520 | |a Nội dung cuốn sách giúp ta hiểu kỹ hơn một địa phương về các mặt như: tự nhiên, lịch sử, kinh tế xã hội... ; địa danh học có thể giúp ta nghiên cứu về cổ địa lý và quá trình hình thành của danh tộc Việt Nam. | ||
| 650 | |a Vietnam,Vietnamese language,Việt Nam,Tiếng Việt | ||
| 650 | |x Description and travel,Terms and phrases,Du lịch và hướng dẫn,Từ và cụm từ | ||
| 904 | |i QHieu | ||
| 980 | |a Trung tâm Học liệu Trường Đại học Cần Thơ | ||